| 000 | 00552nam a2200181 a 4500 | ||
|---|---|---|---|
| 005 | 20250411063843.0 | ||
| 008 | 991125s1943 mx 000 0 spa u | ||
| 035 | _aUPN01000004768 | ||
| 049 | _aCG | ||
| 050 | 4 |
_aF1306 _bA8.6 |
|
| 245 | 0 | 0 | _aAspectos del pensamiento michoacano. |
| 260 |
_aMéxico : _bGobierno del Estado de Michoacán, _c1943. |
||
| 300 | _a479 p. | ||
| 500 | _a"Feria del Libro y Exposición Nacional de Periodismo" | ||
| 651 | 4 |
_aMichoacán _xHistoria _924478 |
|
| 651 | 4 |
_aMICHOACAN - _xCONDICIONES SOCIALES _910796 |
|
| 905 | _aLibro | ||
| 999 |
_c4768 _d4768 |
||